|
|
|
|
| LEADER |
01643nam a2200421 a 4500 |
| 001 |
EBC711331 |
| 003 |
MiAaPQ |
| 005 |
20191030193400.0 |
| 006 |
m o d | |
| 007 |
cr cn||||||||| |
| 008 |
110120s2011 enkac sb 001 0 eng d |
| 010 |
|
|
|z 2010054245
|
| 020 |
|
|
|z 9781409407300 (hbk. : alk. paper)
|
| 020 |
|
|
|z 9781409407300
|
| 020 |
|
|
|a 9781409407317 (electronic bk.)
|
| 020 |
|
|
|a 9781409407317 (electronic bk.)
|
| 035 |
|
|
|a (MiAaPQ)EBC711331
|
| 035 |
|
|
|a (Au-PeEL)EBL711331
|
| 035 |
|
|
|a (CaPaEBR)ebr10470857
|
| 035 |
|
|
|a (CaONFJC)MIL312877
|
| 035 |
|
|
|a (OCoLC)732959024
|
| 040 |
|
|
|a MiAaPQ
|c MiAaPQ
|d MiAaPQ
|
| 050 |
|
4 |
|a HD61
|b .P85 2011
|
| 082 |
0 |
4 |
|a 658.15/5
|2 22
|
| 100 |
1 |
|
|a Pullan, Penny.
|
| 245 |
1 |
2 |
|a A short guide to facilitating risk management
|h [electronic resource] :
|b engaging people to identify, own and manage risk /
|c Penny Pullan, Ruth Murray-Webster ; illustrations by Vanessa Randle.
|
| 260 |
|
|
|a Farnham [England] ;
|a Burlington, Vt. :
|b Gower,
|c c2011.
|
| 300 |
|
|
|a xx, 147 p. :
|b ill., ports.
|
| 490 |
1 |
|
|a Short guides to business risk series
|
| 504 |
|
|
|a Includes bibliographical references and index.
|
| 533 |
|
|
|a Electronic reproduction. Ann Arbor, MI : ProQuest, 2016. Available via World Wide Web. Access may be limited to ProQuest affiliated libraries.
|
| 650 |
|
0 |
|a Risk management.
|
| 655 |
|
4 |
|a Electronic books.
|
| 700 |
1 |
|
|a Murray-Webster, Ruth.
|
| 700 |
1 |
|
|a Randle, Vanessa.
|
| 710 |
2 |
|
|a ProQuest (Firm)
|
| 830 |
|
0 |
|a Short guides to business risk series.
|
| 856 |
4 |
0 |
|u https://ebookcentral.proquest.com/lib/matrademy/detail.action?docID=711331
|z Click to View
|